[Event "Moscow Open 2007"]
[Site "Moscow"]
[Date "2007.01.31"]
[Round "5"]
[White "Nikolenko, Oleg"]
[Black "Sjugirov, Sanan"]
[Result "1-0"]
[WhiteElo "2516"]
[BlackElo "2396"]
[PlyCount "79"]
[EventDate "2007.??.??"]

1. e4 c5 2. Nf3 d6 3. Nc3 a6 4. g3 g6 5. d4 cxd4 6. Nxd4 Bg7 7. Bg2 Nf6 8. O-O
O-O 9. h3 Nfd7 10. Nd5 Nb6 11. Re1 Nc6 12. Ne2 Nxd5 13. exd5 Ne5 14. a4 Bd7 15.
Nd4 Qb6 16. c3 Rfe8 17. b3 Rac8 18. a5 Qc5 19. Bb2 Bf5 20. Qd2 Rc7 21. Kh2 Bc8
22. c4 Qa7 23. Rac1 Nd7 24. Re2 Nf8 25. Rce1 Qc5 26. Bc3 Rd7 27. h4 Qc7 28. h5
Rdd8 29. h6 Bf6 30. Nb5 axb5 31. Bxf6 Rd7 32. cxb5 e5 33. Rc1 Qb8 34. b6 Qa8
35. b4 Qa6 36. Bf1 Qa8 37. Qg5 Qb8 38. Rec2 Qa8 39. Rc3 Qb8 40. R1c2 1-0

[Event "Moscow Open 2007"]
[Site "Moscow"]
[Date "2007.01.31"]
[Round "5"]
[White "Iljushin, Alexei"]
[Black "Reshetnikov, Alexey"]
[Result "1-0"]
[WhiteElo "2510"]
[BlackElo "2388"]
[PlyCount "121"]
[EventDate "2007.??.??"]

1. d4 d5 2. c4 c6 3. Nf3 Nf6 4. e3 Bf5 5. Nc3 e6 6. Nh4 Bg6 7. Qb3 Qb6 8. Nxg6
hxg6 9. Bd2 Nbd7 10. Bd3 Be7 11. h3 O-O 12. cxd5 exd5 13. Qc2 c5 14. Na4 Qe6
15. Nxc5 Nxc5 16. dxc5 Rac8 17. O-O Bxc5 18. Qb3 Ne4 19. Bxe4 Qxe4 20. Bc3 d4
21. exd4 Bxd4 22. Rae1 Qh4 23. Bxd4 Qxd4 24. Re7 b5 25. Qxb5 Rb8 26. Rb7 Rxb7
27. Qxb7 Re8 28. Qb5 Re5 29. Qb8+ Kh7 30. Qb3 Rf5 31. a3 a5 32. Qb7 Qd2 33. Qb6
Rf6 34. Qc5 Rf5 35. Qb6 Rf6 36. Qb3 Rf5 37. g4 Rf6 38. Kg2 Qd4 39. Qc2 a4 40.
Re1 Rb6 41. Re2 Rb3 42. Qe4 Qf6 43. Rc2 Rxb2 44. Rxb2 Qxb2 45. Qxa4 f5 46. Qb4
Qc2 47. a4 Qc6+ 48. Kg3 Qh1 49. gxf5 gxf5 50. a5 Qg1+ 51. Kf3 Qh1+ 52. Ke2 Qxh3
53. a6 Qh5+ 54. f3 Qe8+ 55. Kf2 Qd7 56. Qh4+ Kg6 57. Kg2 Qa7 58. Qa4 Kg5 59.
Qa2 Kh6 60. f4 Kh7 61. Qe6 1-0

[Event "Moscow Open 2007"]
[Site "Moscow"]
[Date "2007.01.31"]
[Round "5"]
[White "Zinchenko, Yaroslav"]
[Black "Krivoborodov, Egor"]
[Result "1-0"]
[WhiteElo "2507"]
[BlackElo "2380"]
[PlyCount "127"]
[EventDate "2007.??.??"]

1. e4 c5 2. Nf3 Nc6 3. d4 cxd4 4. Nxd4 Nf6 5. Nc3 d6 6. Bg5 Qb6 7. Nb3 e6 8.
Bxf6 gxf6 9. Qd2 a6 10. O-O-O Bd7 11. f4 O-O-O 12. Be2 h5 13. Rhf1 Na5 14. Kb1
Nxb3 15. axb3 Bc6 16. Bc4 Qc5 17. f5 Bh6 18. Qe2 b5 19. Bd3 Bg5 20. Qf3 Kb8 21.
h4 Bxh4 22. Qh3 Bg5 23. fxe6 fxe6 24. Qxe6 Qe5 25. Qh3 Bd7 26. Qf3 Bg4 27. Qf2
Qc5 28. Be2 b4 29. Bxg4 Qxf2 30. Rxf2 bxc3 31. Be6 cxb2 32. Kxb2 Kc7 33. Rf3
Kb6 34. Rd4 Rhe8 35. Bf7 Re5 36. Bxh5 d5 37. Rfd3 Rh8 38. Bf3 dxe4 39. Bxe4 Re7
40. Rd6+ Ka7 41. Rd7+ Rxd7 42. Rxd7+ Kb6 43. Rd6+ Ka7 44. Bd3 Bf4 45. Rxa6+ Kb7
46. Ra4 Be5+ 47. c3 Rd8 48. Kc2 Kb6 49. Ra6+ Kb7 50. Ra2 Rg8 51. Be4+ Kb6 52.
b4 Rc8 53. Ra3 Bd6 54. Kb3 Re8 55. Bf3 Re3 56. Ka4 Rd3 57. c4 Rd4 58. Rc3 Bf4
59. c5+ Kc7 60. Kb5 Bd2 61. Rc4 Rd8 62. Rh4 Rb8+ 63. Ka4 Re8 64. b5 1-0

[Event "Moscow Open 2007"]
[Site "Moscow"]
[Date "2007.01.31"]
[Round "5"]
[White "Orlinkov, Maxim L"]
[Black "Sveshnikov, Evgeny"]
[Result "0-1"]
[WhiteElo "2377"]
[BlackElo "2504"]
[PlyCount "126"]
[EventDate "2007.??.??"]

1. d4 d5 2. Nf3 Nf6 3. c4 e6 4. g3 dxc4 5. Bg2 b5 6. a4 c6 7. O-O Bb7 8. Ne5 a6
9. b3 cxb3 10. Bb2 Nbd7 11. Bxc6 Bxc6 12. Nxc6 Qb6 13. axb5 Qxb5 14. Na5 Rb8
15. Nc3 Qh5 16. f3 Bb4 17. Nxb3 O-O 18. Rb1 Rfc8 19. Qd3 Bxc3 20. Bxc3 Qb5 21.
Qxb5 Rxb5 22. Ba1 Nd5 23. e4 Nc3 24. Bxc3 Rxc3 25. Nd2 Rd3 26. Rbd1 Rb4 27. Nb1
Rbxd4 28. Rxd3 Rxd3 29. Kf2 Kf8 30. Ke2 Rb3 31. Nd2 Rb2 32. Rc1 Ne5 33. f4 Ng4
34. Rc8+ Ke7 35. Ra8 Nxh2 36. e5 Nf1 37. Ra7+ Ke8 38. Ra8+ Kd7 39. Kxf1 Rxd2
40. Ra7+ Ke8 41. Ra8+ Ke7 42. Ra7+ Rd7 43. Rxa6 f6 44. exf6+ Kxf6 45. Kf2 h5
46. Kg2 Kf5 47. Ra5+ Rd5 48. Ra7 g5 49. fxg5 Kxg5 50. Ra4 Kf6 51. Kf3 Rd3+ 52.
Kf4 e5+ 53. Ke4 Rxg3 54. Ra6+ Kg5 55. Ra8 Kg4 56. Kxe5 h4 57. Ke4 Rb3 58. Rg8+
Kh3 59. Rh8 Kg2 60. Kf4 Rf3+ 61. Ke4 h3 62. Rg8+ Rg3 63. Ra8 h2 0-1

[Event "Moscow Open 2007"]
[Site "Moscow"]
[Date "2007.01.31"]
[Round "5"]
[White "Dvalishvili, Pavel S"]
[Black "Matsenko, Sergei"]
[Result "1/2-1/2"]
[WhiteElo "2477"]
[BlackElo "2378"]
[PlyCount "34"]
[EventDate "2007.??.??"]

1. e4 c5 2. Nf3 Nc6 3. Bb5 e6 4. Bxc6 bxc6 5. O-O Ne7 6. Re1 Ng6 7. b3 Be7 8.
Ba3 O-O 9. c3 Ba6 10. d4 cxd4 11. Bxe7 Qxe7 12. cxd4 Rac8 13. Nc3 c5 14. d5 e5
15. d6 Qf6 16. Qd2 Nf4 17. Rad1 c4 1/2-1/2

[Event "Moscow Open 2007"]
[Site "Moscow"]
[Date "2007.01.31"]
[Round "5"]
[White "Galliamova, Alisa"]
[Black "Filipenko, Alexander V"]
[Result "1-0"]
[WhiteElo "2470"]
[BlackElo "2376"]
[PlyCount "71"]
[EventDate "2007.??.??"]

1. d4 Nf6 2. c4 c5 3. d5 d6 4. Nc3 g6 5. g3 Bg7 6. Bg2 O-O 7. Nh3 Na6 8. Nf4 b6
9. h4 h5 10. O-O Nc7 11. Qc2 a6 12. b3 b5 13. Bb2 Bf5 14. e4 Bd7 15. Rae1 Ng4
16. Nd1 Ne8 17. Bxg7 Nxg7 18. Nd3 bxc4 19. bxc4 Qa5 20. f3 Ba4 21. Qe2 Bxd1 22.
Rxd1 Ne5 23. Nf2 Qa4 24. Rc1 Rab8 25. f4 Ng4 26. Nxg4 hxg4 27. f5 Qa3 28. Qxg4
Qe3+ 29. Kh2 Rb2 30. fxg6 Qd2 31. Qf3 f6 32. g4 Rxa2 33. Rb1 a5 34. Rb7 a4 35.
Rxe7 Rb8 36. Rxg7+ 1-0

[Event "Moscow Open 2007"]
[Site "Moscow"]
[Date "2007.01.31"]
[Round "5"]
[White "Sergienko, Sergey"]
[Black "Utkin, Aleksey"]
[Result "1-0"]
[WhiteElo "2467"]
[BlackElo "2374"]
[PlyCount "99"]
[EventDate "2007.??.??"]

1. d4 g6 2. c4 Bg7 3. e4 d6 4. Nc3 Nd7 5. Bg5 f6 6. Be3 e5 7. f4 Ne7 8. Nf3 O-O
9. Be2 f5 10. dxe5 dxe5 11. Ng5 Nf6 12. Qxd8 Rxd8 13. c5 fxe4 14. Bc4+ Nfd5 15.
O-O-O c6 16. fxe5 Bxe5 17. Ncxe4 Bf5 18. Nd6 Rxd6 19. cxd6 Bxd6 20. h3 Bg3 21.
Rhf1 h5 22. Rf3 Bd6 23. Rg1 h4 24. Bf2 b5 25. Bb3 a5 26. Bxh4 a4 27. Bxd5+ cxd5
28. g4 Rc8+ 29. Rc3 Bc5 30. Re1 b4 31. Rxc5 Rxc5+ 32. Kd1 b3 33. axb3 Bc2+ 34.
Kd2 Bxb3 35. Rxe7 d4 36. Re8+ Kg7 37. Ne4 Rc2+ 38. Kd3 Rxb2 39. Bf6+ Kf7 40.
Re7+ Kf8 41. Nd6 Bc2+ 42. Kxd4 Rb8 43. Rh7 Bb3 44. Ra7 Kg8 45. Ke5 Kf8 46. Kf4
Kg8 47. Kg5 Bc2 48. Kh6 Kf8 49. Rf7+ Kg8 50. Rh7 1-0

[Event "Moscow Open 2007"]
[Site "Moscow"]
[Date "2007.01.31"]
[Round "5"]
[White "Konovalov, Nikolay"]
[Black "Egorov, Dmitry"]
[Result "1-0"]
[WhiteElo "2463"]
[BlackElo "2305"]
[PlyCount "81"]
[EventDate "2007.??.??"]

1. d4 Nf6 2. c4 e6 3. Nc3 Bb4 4. f3 O-O 5. a3 Bxc3+ 6. bxc3 b6 7. e4 d6 8. Bd3
Nc6 9. f4 e5 10. Nf3 exd4 11. cxd4 Bg4 12. d5 Nd4 13. Bb2 Bxf3 14. gxf3 c5 15.
dxc6 Nxc6 16. Rg1 g6 17. Qd2 Nh5 18. Rg5 Ng7 19. f5 Ne5 20. Be2 Rc8 21. Rc1 h6
22. Rg3 g5 23. h4 f6 24. f4 gxf4 25. Qxf4 Kh7 26. Kf2 Qe8 27. Qe3 Rc7 28. Rcg1
Qc6 29. Bxe5 dxe5 30. Rg6 Qc5 31. Rxh6+ Kg8 32. Qxc5 bxc5 33. Rhg6 Kh7 34. Rd1
Rff7 35. Rd8 Rb7 36. h5 Rb2 37. h6 Nh5 38. Rgg8 Kxh6 39. Rd1 Kh7 40. Rg4 Ng7
41. Rd8 1-0

[Event "Moscow Open 2007"]
[Site "Moscow"]
[Date "2007.01.31"]
[Round "5"]
[White "Smirnov, Igor"]
[Black "Kutuzov, Denis"]
[Result "0-1"]
[WhiteElo "2439"]
[BlackElo "2293"]
[PlyCount "80"]
[EventDate "2007.??.??"]

1. e4 e6 2. d4 d5 3. Nc3 Nf6 4. Bg5 dxe4 5. Nxe4 Be7 6. Bxf6 Bxf6 7. Nf3 O-O 8.
Qd2 Be7 9. O-O-O Nd7 10. Bc4 a6 11. Bb3 a5 12. a3 c6 13. Ne5 Qc7 14. Qc3 Nxe5
15. dxe5 b5 16. a4 Rb8 17. Nd6 Qb6 18. f4 bxa4 19. Bxa4 Ba6 20. g3 Be2 21. Rd2
Bf3 22. Re1 Bd5 23. b3 f6 24. h4 fxe5 25. fxe5 Rf3 26. Rd3 Rxd3 27. Qxd3 Qb4
28. Rf1 Qa3+ 29. Kd2 Rd8 30. Rd1 Bxd6 31. exd6 Bc4 32. Qf3 Qxd6+ 33. Kc1 Qxd1+
34. Qxd1 Rxd1+ 35. Kxd1 Bb5 36. Kd2 Bxa4 37. bxa4 Kf7 38. Kd3 h5 39. Kd4 Kf6
40. Ke4 e5 0-1

[Event "Moscow Open 2007"]
[Site "Moscow"]
[Date "2007.01.31"]
[Round "5"]
[White "Moskalenko, Alexander"]
[Black "Popov, Ivan"]
[Result "0-1"]
[WhiteElo "2352"]
[BlackElo "2531"]
[PlyCount "66"]
[EventDate "2007.??.??"]

1. e4 c6 2. d4 d5 3. Nd2 dxe4 4. Nxe4 Bf5 5. Ng3 Bg6 6. h4 h6 7. Nf3 Nd7 8. h5
Bh7 9. Bd3 Bxd3 10. Qxd3 Ngf6 11. Bf4 Qa5+ 12. Bd2 Qa4 13. a3 e6 14. b3 Qb5 15.
c4 Qa6 16. Ne4 Rd8 17. Nc3 Be7 18. Qe2 c5 19. Nb5 O-O 20. Rh4 Qb6 21. dxc5 Nxc5
22. b4 Nd3+ 23. Kf1 e5 24. Nfd4 a6 25. c5 Nxc5 26. bxc5 Bxc5 27. Nb3 Qxb5 28.
Nxc5 Rxd2 29. Qxb5 axb5 30. Rb1 Rc8 31. Nb3 Ra2 32. Nc1 Rxa3 33. Rhb4 Nd5 0-1

[Event "Moscow Open 2007"]
[Site "Moscow"]
[Date "2007.01.31"]
[Round "5"]
[White "Moiseenko, Alexander"]
[Black "Grabuzova, Tatiana"]
[Result "1-0"]
[WhiteElo "2627"]
[BlackElo "2357"]
[PlyCount "85"]
[EventDate "2007.??.??"]

1. d4 e6 2. c4 f5 3. Nc3 Nf6 4. Qc2 b6 5. Bg5 Be7 6. O-O-O Bb7 7. f3 O-O 8. Nh3
a6 9. Kb1 b5 10. e3 bxc4 11. Bxc4 d5 12. Be2 c5 13. Nf4 Qc8 14. Na4 Qc6 15.
Nxc5 Bxc5 16. Qxc5 Qxc5 17. dxc5 Kf7 18. Nd3 Nbd7 19. Bf4 Rfc8 20. Rc1 Bc6 21.
Rc3 Bb5 22. Bg3 Rc6 23. Rhc1 Rac8 24. b4 Bc4 25. R1c2 g6 26. Ne5+ Nxe5 27. Bxe5
Bxe2 28. Rxe2 Nd7 29. f4 a5 30. a3 axb4 31. axb4 Nxe5 32. fxe5 Rb8 33. Rb2 Rb5
34. Kc2 Ra6 35. c6 Ra8 36. c7 Rc8 37. Kb3 Rb7 38. Rbc2 Ke7 39. Rc6 g5 40. R2c5
Kd7 41. Rd6+ Ke7 42. Rcc6 Rcxc7 43. Rxe6+ 1-0

[Event "Moscow Open 2007"]
[Site "Moscow"]
[Date "2007.01.31"]
[Round "5"]
[White "Onoprienko, Vladimir"]
[Black "Iljin, Artem"]
[Result "0-1"]
[WhiteElo "2354"]
[BlackElo "2529"]
[PlyCount "44"]
[EventDate "2007.??.??"]

1. e4 c5 2. Nc3 e6 3. Nf3 a6 4. d4 cxd4 5. Nxd4 Qc7 6. Be2 b5 7. O-O Bb7 8. Qd3
b4 9. Nd5 exd5 10. exd5 Bxd5 11. Re1 Be6 12. Qe4 Nc6 13. Bf4 Nf6 14. Nxe6 dxe6
15. Qc4 Bd6 16. Bf3 Bxf4 17. Qxc6+ Qxc6 18. Bxc6+ Ke7 19. Bxa8 Rxa8 20. a3 Rc8
21. axb4 Rxc2 22. Rxa6 Nd5 0-1

[Event "Moscow Open 2007"]
[Site "Moscow"]
[Date "2007.01.31"]
[Round "5"]
[White "Prokopchuk, Evgeny"]
[Black "Hambartsumian, Yuri"]
[Result "1-0"]
[WhiteElo "2516"]
[BlackElo "2354"]
[PlyCount "63"]
[EventDate "2007.??.??"]

1. d4 Nf6 2. Nf3 g6 3. c4 Bg7 4. Nc3 O-O 5. g3 d6 6. Bg2 Nc6 7. O-O a6 8. Re1
Rb8 9. Rb1 b5 10. cxb5 axb5 11. b4 Bf5 12. Rb3 Qd7 13. d5 Nd8 14. Nd4 Bh3 15.
Qd3 Bxg2 16. Kxg2 c6 17. e4 Ng4 18. f4 h5 19. h3 Nf6 20. dxc6 Nxc6 21. Ndxb5
Rfc8 22. a4 e5 23. Qxd6 Qxd6 24. Nxd6 Nd4 25. Nxc8 Rxc8 26. Ra3 Nc2 27. Re3
exf4 28. gxf4 Nxb4 29. a5 Nc2 30. Nd5 Nxd5 31. exd5 Bf8 32. Rec3 1-0

[Event "Moscow Open 2007"]
[Site "Moscow"]
[Date "2007.01.31"]
[Round "5"]
[White "Petrushin, Alexander I"]
[Black "Shkurikhin, Ilia"]
[Result "1-0"]
[WhiteElo "2473"]
[BlackElo "2350"]
[PlyCount "29"]
[EventDate "2007.??.??"]

1. e4 c5 2. Nf3 e6 3. d4 cxd4 4. Nxd4 a6 5. Nc3 Qc7 6. Bd3 Nc6 7. Be3 b5 8.
Nxc6 Qxc6 9. O-O Bb7 10. a3 Nf6 11. Qf3 Bc5 12. Qg3 O-O 13. e5 Nh5 14. Qh3 g6
15. Be4 1-0

[Event "Moscow Open 2007"]
[Site "Moscow"]
[Date "2007.01.31"]
[Round "5"]
[White "Losev, Dmitry"]
[Black "Vorotnikov, Vladislav V"]
[Result "1/2-1/2"]
[WhiteElo "2345"]
[BlackElo "2437"]
[PlyCount "32"]
[EventDate "2007.??.??"]

1. e4 e5 2. Nf3 Nc6 3. Bb5 a6 4. Ba4 d6 5. O-O Bg4 6. c3 Qf6 7. d3 Nge7 8. Nbd2
Ng6 9. h3 Bd7 10. Nh2 Nf4 11. Ndf3 g5 12. Ng4 Qg6 13. d4 Bxg4 14. hxg4 h5 15.
Bxf4 hxg4 16. Bxc6+ bxc6 1/2-1/2

[Event "Moscow Open 2007"]
[Site "Moscow"]
[Date "2007.01.31"]
[Round "5"]
[White "Vasilkova, Svetlana"]
[Black "Mozharov, Mikhail"]
[Result "0-1"]
[WhiteElo "2336"]
[BlackElo "2425"]
[PlyCount "90"]
[EventDate "2007.??.??"]

1. e4 c5 2. Nf3 d6 3. d4 cxd4 4. Nxd4 Nf6 5. Nc3 a6 6. Be2 e6 7. Be3 Be7 8. f4
Qc7 9. a4 Nc6 10. O-O O-O 11. Kh1 Re8 12. Qe1 Bd7 13. Qg3 Bf8 14. Rad1 Nb4 15.
Bf3 Rac8 16. Bc1 e5 17. Nb3 Be6 18. Na1 Bc4 19. Rfe1 Qa5 20. Nb3 Qb6 21. Be3
Qc7 22. Qf2 b5 23. axb5 axb5 24. Bb6 Qb8 25. Ba7 Qc7 26. Bb6 Qb8 27. Ba7 Qa8
28. Ra1 Bxb3 29. Bc5 Rxc5 30. Rxa8 Rxa8 31. cxb3 Nd3 32. Qd2 Nxe1 33. Qxe1 exf4
34. h3 Re5 35. Qd2 Rae8 36. Kh2 g6 37. Qxf4 Bg7 38. g3 b4 39. Na2 Nxe4 40. Nxb4
Ng5 41. Bg2 Rf5 42. Qd2 Nf3+ 43. Bxf3 Rxf3 44. Qc2 Rfe3 45. Kg1 Bd4 0-1

[Event "Moscow Open 2007"]
[Site "Moscow"]
[Date "2007.01.31"]
[Round "5"]
[White "Shimanov, Aleksandr"]
[Black "Kadimova, Ilaha"]
[Result "1-0"]
[WhiteElo "2419"]
[BlackElo "2333"]
[PlyCount "87"]
[EventDate "2007.??.??"]

1. e4 c6 2. d4 d5 3. e5 Bf5 4. Nf3 e6 5. Be2 Nd7 6. O-O Ne7 7. b3 Ng6 8. c4 Be7
9. Be3 f6 10. exf6 Bxf6 11. Nc3 O-O 12. Qd2 h6 13. Rad1 Kh7 14. Ne1 Ne7 15. f4
Bg6 16. g4 Nc8 17. c5 b6 18. b4 a5 19. a3 axb4 20. axb4 bxc5 21. bxc5 Ra3 22.
Nd3 Qa5 23. Rc1 Bd8 24. Qb2 Qa7 25. Ra1 Ra5 26. Ra2 Rxa2 27. Nxa2 Bc7 28. Nab4
Ne7 29. Ra1 Qb7 30. Qa3 Bb8 31. Qa6 Qc7 32. Ra3 Be4 33. Ne5 Nxe5 34. fxe5 Qd7
35. Rb3 Qe8 36. Qb7 Qf7 37. Nxc6 Nxc6 38. Qxc6 Qg6 39. Qa6 h5 40. Bd2 hxg4 41.
Rg3 Qf5 42. Be3 Bf3 43. Rxf3 Qb1+ 44. Rf1 1-0

[Event "Moscow Open 2007"]
[Site "Moscow"]
[Date "2007.01.31"]
[Round "5"]
[White "Papin, Vasily"]
[Black "Vafin, Niaz"]
[Result "0-1"]
[WhiteElo "2416"]
[BlackElo "2308"]
[PlyCount "138"]
[EventDate "2007.??.??"]

1. e4 e5 2. Nf3 Nf6 3. Nxe5 d6 4. Nc4 Nxe4 5. d4 d5 6. Ne3 c6 7. Nd2 Nxd2 8.
Bxd2 Bd6 9. Qf3 O-O 10. O-O-O f5 11. Bd3 Qf6 12. Rde1 Be6 13. c3 Nd7 14. h3
Rac8 15. Kb1 Nb6 16. g4 fxg4 17. Qxf6 Rxf6 18. Nxg4 Bxg4 19. hxg4 Rxf2 20.
Bxh7+ Kf7 21. Ref1 Rxf1+ 22. Rxf1+ Ke8 23. Bg6+ Kd8 24. Bg5+ Kc7 25. Rf7+ Kb8
26. Rxg7 Rh8 27. b3 a5 28. a4 Rh2 29. Bc2 Ka7 30. Bf6 Bf4 31. Bg5 Bd6 32. Bc1
Rh1 33. Kb2 Rh2 34. g5 Ba3+ 35. Kxa3 Rxc2 36. Bf4 Rxc3 37. Kb2 Rf3 38. Be5 Rf2+
39. Kc1 Rf3 40. g6 Rxb3 41. Rf7 Ra3 42. g7 Ra1+ 43. Kc2 Rg1 44. Rf8 Nxa4 45.
g8=Q Rxg8 46. Rxg8 Nb6 47. Kb3 Ka6 48. Bc7 Nc4 49. Ra8+ Kb5 50. Ra7 b6 51. Bf4
a4+ 52. Kc3 Na5 53. Bc7 Nc4 54. Ra8 Na5 55. Rg8 Nc4 56. Rg1 Na5 57. Bd8 Nb3 58.
Rg2 Na5 59. Be7 Nc4 60. Rc2 Na5 61. Kb2 Nb3 62. Bf6 Na5 63. Ka2 Nc4 64. Rc1 Nd2
65. Rb1+ Nxb1 66. Kxb1 Kc4 67. Kb2 b5 68. Be5 b4 69. Kc2 a3 0-1

[Event "Moscow Open 2007"]
[Site "Moscow"]
[Date "2007.01.31"]
[Round "5"]
[White "Velikhanli, Firuza"]
[Black "Kozlov, Vladimir N"]
[Result "1/2-1/2"]
[WhiteElo "2304"]
[BlackElo "2413"]
[PlyCount "132"]
[EventDate "2007.??.??"]

1. e4 c5 2. Nf3 d6 3. d4 cxd4 4. Nxd4 Nf6 5. Nc3 Nc6 6. Be2 g6 7. O-O Nxd4 8.
Qxd4 Bg7 9. Nd5 O-O 10. Nxf6+ Bxf6 11. Qd3 Qc7 12. c3 Be6 13. Be3 Rfc8 14. Bd4
Bxd4 15. Qxd4 Qc5 16. Rfd1 Rc6 17. Qxc5 Rxc5 18. Rd4 a5 19. a3 Rac8 20. Rad1
Kg7 21. f3 g5 22. Kf2 h5 23. Ke3 h4 24. R1d2 b6 25. Rd1 Re5 26. Kf2 Kf6 27.
R1d2 Rec5 28. Ke3 Ke5 29. Rd1 Rf8 30. R1d2 Kf6 31. Rd1 Kg7 32. R1d2 Re5 33. Bc4
Bxc4 34. Rxc4 Rc5 35. Rxc5 bxc5 36. b4 axb4 37. axb4 cxb4 38. cxb4 Rb8 39. Rb2
Kf6 40. Kd4 Ke6 41. b5 Kd7 42. e5 Rb6 43. exd6 Rxd6+ 44. Kc5 Re6 45. Ra2 Kc8
46. b6 Kb7 47. Ra7+ Kb8 48. Ra2 Re3 49. h3 f6 50. Kc6 e5 51. Rd2 Rc3+ 52. Kb5
Rc8 53. Rd6 Rc2 54. Rxf6 Rxg2 55. Rf5 Rf2 56. Kc6 Rc2+ 57. Kd5 Rh2 58. Rxg5
Rxh3 59. Kc6 Rg3 60. Rxe5 Rg6+ 61. Kb5 Rh6 62. Ka6 Rh8 63. Re2 h3 64. Rh2 Rh4
65. f4 Rxf4 66. Rxh3 Rf8 1/2-1/2

[Event "Moscow Open 2007"]
[Site "Moscow"]
[Date "2007.01.31"]
[Round "5"]
[White "Koshevoy, Sergey"]
[Black "Ovod, Evgenija"]
[Result "0-1"]
[WhiteElo "2294"]
[BlackElo "2410"]
[PlyCount "110"]
[EventDate "2007.??.??"]

1. d4 Nf6 2. c4 e6 3. Nc3 Bb4 4. Qc2 O-O 5. a3 Bxc3+ 6. Qxc3 Ne4 7. Qc2 f5 8.
Nf3 b6 9. e3 Bb7 10. Be2 d6 11. O-O Nd7 12. b4 c5 13. dxc5 dxc5 14. Bb2 Qe7 15.
Rad1 Rad8 16. b5 e5 17. Ne1 a5 18. f3 Ng5 19. Qc3 Rf6 20. Nd3 Re8 21. Rd2 Rg6
22. Kh1 Nf7 23. Ne1 Nf6 24. Qc2 Qe6 25. Nd3 h5 26. Bd1 h4 27. Nf2 Ng5 28. Nd3
Nf7 29. Nf2 Nh5 30. Nh3 Rh6 31. f4 Be4 32. Qc3 Qe7 33. Bf3 Bxf3 34. Rxf3 Nf6
35. Qc2 Ne4 36. Rd5 exf4 37. exf4 Rd6 38. Rxd6 Qxd6 39. Rf1 Qd2 40. Qc1 Qxc1
41. Bxc1 Nfd6 42. Ng5 Nxc4 43. Nf3 h3 44. gxh3 Kf7 45. Ne5+ Nxe5 46. fxe5 Rxe5
47. Bb2 Rd5 48. h4 c4 49. a4 c3 50. Bc1 c2 51. Kg2 g6 52. Re1 Rd1 53. Kf1 Nc5
54. Ke2 Rxe1+ 55. Kxe1 Nb3 0-1

[Event "Moscow Open 2007"]
[Site "Moscow"]
[Date "2007.01.31"]
[Round "5"]
[White "Burlov, Vassili"]
[Black "Stukopin, Andrey"]
[Result "1-0"]
[WhiteElo "2410"]
[BlackElo "2307"]
[PlyCount "109"]
[EventDate "2007.??.??"]

1. c4 e5 2. b3 g6 3. Bb2 Bg7 4. g3 Nc6 5. Bg2 d6 6. Nc3 Nge7 7. d3 Be6 8. Nd5
Qd7 9. e3 O-O 10. Ne2 Rae8 11. O-O Nd8 12. Qd2 c6 13. Nxe7+ Rxe7 14. d4 Bh3 15.
Bxh3 Qxh3 16. dxe5 dxe5 17. Rad1 Ne6 18. Ba3 c5 19. Qd5 b6 20. Nc3 f5 21. Qg2
Qh5 22. f3 g5 23. g4 Qg6 24. gxf5 Qxf5 25. Ne4 Qg6 26. b4 Rc7 27. bxc5 bxc5 28.
Rd6 Qf5 29. Qg4 Qxg4+ 30. fxg4 Rxf1+ 31. Kxf1 Kf7 32. Ke2 Bf8 33. Ra6 Be7 34.
Bb2 Nf8 35. Bxe5 Rb7 36. Kd3 Nd7 37. Bg3 Nb6 38. a4 Rd7+ 39. Kc3 Bd8 40. Nd6+
Kg8 41. a5 Na8 42. Nb5 Rb7 43. Nxa7 Nc7 44. Bxc7 Bxc7 45. Nb5 Bxh2 46. Ra8+ Kg7
47. a6 Re7 48. Kd3 h5 49. a7 h4 50. Rc8 Rxa7 51. Nxa7 h3 52. Rxc5 Kg6 53. Ke2
Bg1 54. Rc6+ Kf7 55. Rh6 1-0

[Event "Moscow Open 2007"]
[Site "Moscow"]
[Date "2007.01.31"]
[Round "5"]
[White "Belous, Vladimir"]
[Black "Kachko, Alexander"]
[Result "0-1"]
[WhiteElo "2289"]
[BlackElo "2410"]
[PlyCount "68"]
[EventDate "2007.??.??"]

1. Nf3 g6 2. g3 Bg7 3. Bg2 e5 4. d3 Nc6 5. O-O d6 6. c4 f5 7. Nc3 Nf6 8. Rb1
O-O 9. b4 h6 10. e3 Be6 11. Nh4 g5 12. Ng6 Rf7 13. f4 exf4 14. exf4 Kh7 15.
fxg5 hxg5 16. Bxg5 Kxg6 17. Ne2 Bd7 18. Nf4+ Kh7 19. b5 Ne5 20. Bxb7 Neg4 21.
Qf3 Rb8 22. Bd5 Re7 23. Ne6 Qg8 24. Rbe1 Kh8 25. Nf4 Qh7 26. h4 Rbe8 27. Rxe7
Rxe7 28. h5 Be8 29. Be6 Bxh5 30. Qa8+ Be8 31. Bh4 Bh6 32. Bxf5 Qxf5 33. Nd5 Re1
34. Rxe1 Qf2+ 0-1

[Event "Moscow Open 2007"]
[Site "Moscow"]
[Date "2007.01.31"]
[Round "5"]
[White "Krylov, Mikhail"]
[Black "Grigoriadis, Alexandros"]
[Result "1/2-1/2"]
[WhiteElo "2408"]
[BlackElo "2304"]
[PlyCount "84"]
[EventDate "2007.??.??"]

1. d4 d5 2. c4 e6 3. Nf3 Nf6 4. g3 c6 5. Bg2 Nbd7 6. Nbd2 Bd6 7. O-O O-O 8. Qc2
e5 9. dxe5 Nxe5 10. Nxe5 Bxe5 11. Nf3 Bd6 12. b3 dxc4 13. bxc4 Qe7 14. Bb2 Ba3
15. Bd4 Bc5 16. e3 Rd8 17. Rab1 Bxd4 18. Nxd4 c5 19. Ne2 Rb8 20. Nf4 Be6 21.
Nxe6 fxe6 22. Rfd1 b6 23. h3 Rxd1+ 24. Rxd1 Rd8 25. g4 Rxd1+ 26. Qxd1 Qd7 27.
Qf3 h6 28. h4 Ne8 29. g5 hxg5 30. hxg5 g6 31. Bh3 Qf7 32. Qe4 Ng7 33. Kf1 Kh7
34. Ke2 Qd7 35. Qe5 Qc6 36. Bg4 b5 37. Qh2+ Kg8 38. Qb8+ Kh7 39. Qxb5 Qg2 40.
Bf3 Qxg5 41. Qb8 Qf5 42. e4 Qf6 1/2-1/2

[Event "Moscow Open 2007"]
[Site "Moscow"]
[Date "2007.01.31"]
[Round "5"]
[White "Shumilina, Alexandra"]
[Black "Yuferov, Sergey N"]
[Result "1/2-1/2"]
[WhiteElo "2277"]
[BlackElo "2407"]
[PlyCount "117"]
[EventDate "2007.??.??"]

1. d4 Nf6 2. c4 e6 3. Nc3 Bb4 4. Qc2 O-O 5. Bg5 c5 6. dxc5 Nc6 7. Nf3 Bxc5 8.
a3 Nd4 9. Nxd4 Bxd4 10. e3 Qa5 11. exd4 Qxg5 12. Qd2 Qg6 13. Qd3 b6 14. Qxg6
hxg6 15. Nb5 Bb7 16. Nd6 Bc6 17. c5 bxc5 18. dxc5 a5 19. b3 Rfb8 20. Rb1 Bd5
21. b4 axb4 22. axb4 Ra2 23. Bc4 Bxc4 24. Nxc4 Nd5 25. O-O Rxb4 26. Ne5 Ra7 27.
g3 g5 28. Rxb4 Nxb4 29. Rb1 Nc6 30. Nxc6 dxc6 31. Rb6 Rc7 32. h3 Kh7 33. Kg2
Kg6 34. Rb4 Kf5 35. Rd4 Ke5 36. Rd6 Ke4 37. g4 Kf4 38. Rd4+ Ke5 39. Rd6 Ke4 40.
Kg3 e5 41. Rd8 Re7 42. Rd6 Rc7 43. Rd8 Re7 44. Rd6 Re6 45. Rd7 Rf6 46. Rd6 Rh6
47. Rd7 Rg6 48. Rd6 Rf6 49. Rd7 Rf3+ 50. Kg2 Rc3 51. Rxf7 Rxc5 52. Rxg7 Rd5 53.
Rxg5 c5 54. Rg8 c4 55. Rc8 Rd4 56. Rc5 Kf4 57. Rc8 Ke4 58. Rc5 Kf4 59. Rc8
1/2-1/2

[Event "Moscow Open 2007"]
[Site "Moscow"]
[Date "2007.01.31"]
[Round "5"]
[White "Ayupov, Damir"]
[Black "Kurdakov, Yuri"]
[Result "1/2-1/2"]
[WhiteElo "2403"]
[BlackElo "2282"]
[PlyCount "140"]
[EventDate "2007.??.??"]

1. d4 Nf6 2. c4 e6 3. Nf3 b6 4. a3 Bb7 5. Nc3 d5 6. cxd5 Nxd5 7. Qc2 Nxc3 8.
bxc3 Be7 9. e4 c5 10. Bb5+ Bc6 11. Bd3 Nd7 12. O-O h6 13. Bf4 Qc8 14. Rfe1 g5
15. Bg3 g4 16. Ne5 Nxe5 17. Bxe5 Rg8 18. d5 Bd7 19. Qe2 Qd8 20. dxe6 Bxe6 21.
Rad1 Kf8 22. Bf4 Bg5 23. Bb5 Bxf4 24. Rxd8+ Rxd8 25. Rd1 Ke7 26. g3 Be5 27.
Rxd8 Rxd8 28. Bc4 Bxc4 29. Qxc4 h5 30. h3 gxh3 31. f4 h4 32. fxe5 hxg3 33. Qf1
h2+ 34. Kg2 Rd2+ 35. Kxg3 Ke8 36. Kg4 Kd8 37. Qf6+ Kc8 38. Qc6+ Kd8 39. Qh6 Kc7
40. Kf4 Kb7 41. e6 fxe6 42. Ke5 Re2 43. Qh7+ Ka6 44. Kxe6 Re1 45. Qxh2 Rxe4+
46. Kd5 Ra4 47. Kc6 Re4 48. Qa2 c4 49. Kd5 Rg4 50. Qe2 Rg5+ 51. Kxc4 Rc5+ 52.
Kb4+ Kb7 53. c4 Ra5 54. Qe7+ Kb8 55. Qd8+ Kb7 56. Qd7+ Kb8 57. Qc6 Rc5 58. Qxc5
bxc5+ 59. Kxc5 Kc7 60. Kd5 Kd7 61. c5 Kc7 62. c6 Kd8 63. Kd6 Kc8 64. Kc5 Kc7
65. Kd5 Kd8 66. a4 Kc7 67. Kc5 Kc8 68. a5 Kc7 69. Kd5 Kd8 70. Kd6 Kc8 1/2-1/2

[Event "Moscow Open 2007"]
[Site "Moscow"]
[Date "2007.01.31"]
[Round "5"]
[White "Venevtsev, Andrey"]
[Black "Polivanov, Anatoliy"]
[Result "1/2-1/2"]
[WhiteElo "2181"]
[BlackElo "2400"]
[PlyCount "57"]
[EventDate "2007.??.??"]

1. e4 e6 2. d4 d5 3. Nd2 Nf6 4. e5 Nfd7 5. Bd3 c5 6. c3 Nc6 7. Ne2 cxd4 8. cxd4
Nb6 9. O-O Bd7 10. f4 g6 11. a3 a5 12. Nf3 a4 13. Nc3 Na5 14. Rb1 Nb3 15. Be3
Rc8 16. f5 Nc4 17. Bxc4 Rxc4 18. fxe6 fxe6 19. Ng5 Bh6 20. Qf3 Rf8 21. Qh3 Bxg5
22. Rxf8+ Kxf8 23. Qxh7 Bxe3+ 24. Kh1 Qg5 25. Rf1+ Bf4 26. g4 Nxd4 27. h4 Qxg4
28. Qh8+ Kf7 29. Qh7+ 1/2-1/2